<?xml version="1.0" encoding="UTF-8"?><?xml-stylesheet type="text/xsl" href="static/style.xsl"?><OAI-PMH xmlns="http://www.openarchives.org/OAI/2.0/" xmlns:xsi="http://www.w3.org/2001/XMLSchema-instance" xsi:schemaLocation="http://www.openarchives.org/OAI/2.0/ http://www.openarchives.org/OAI/2.0/OAI-PMH.xsd"><responseDate>2026-06-29T02:43:12Z</responseDate><request verb="GetRecord" identifier="oai:docta.ucm.es:20.500.14352/125021" metadataPrefix="marc">https://docta.ucm.es/rest/oai/request</request><GetRecord><record><header><identifier>oai:docta.ucm.es:20.500.14352/125021</identifier><datestamp>2025-10-16T23:58:46Z</datestamp><setSpec>com_20.500.14352_14</setSpec><setSpec>col_20.500.14352_15</setSpec></header><metadata><record xmlns="http://www.loc.gov/MARC21/slim" xmlns:dcterms="http://purl.org/dc/terms/" xmlns:xsi="http://www.w3.org/2001/XMLSchema-instance" xmlns:doc="http://www.lyncode.com/xoai" xsi:schemaLocation="http://www.loc.gov/MARC21/slim http://www.loc.gov/standards/marcxml/schema/MARC21slim.xsd">
   <leader>00925njm 22002777a 4500</leader>
   <datafield ind2=" " ind1=" " tag="042">
      <subfield code="a">dc</subfield>
   </datafield>
   <datafield ind2=" " ind1=" " tag="720">
      <subfield code="a">Blanco Gómez, Emilio Francisco</subfield>
      <subfield code="e">author</subfield>
   </datafield>
   <datafield ind2=" " ind1=" " tag="260">
      <subfield code="c">2021-06</subfield>
   </datafield>
   <datafield ind2=" " ind1=" " tag="520">
      <subfield code="a">RESUMEN: El trabajo analiza la forma en que las anotaciones de los autores clásicos acerca del origen del beso se convierten, a comienzos del Renacimiento, en arma arrojadiza entre humanistas y cortesanos, que optaron por distintas hipótesis al respecto, motivados por sus intereses vitales y literarios, de raigambre ética en el caso de los cultivadores de los estudios humanísticos, de carácter profeminista cuando se trataba de tratados filográficos.</subfield>
   </datafield>
   <datafield ind2=" " ind1=" " tag="520">
      <subfield code="a">RÉSUMÉ: L’article analyse comment les observations des auteurs classiques sur l’origine du baiser sont devenues, au début de la Renaissance, un sujet de polémique entre humanistes et courtisans : ils ont opté pour des hypothèses différentes, en fonction de leurs intérêts vitaux et littéraires, d’origine éthique pour ceux qui cultivent les «studia humanitatis», de caractère pro-féministe dans le cas des traités phylographiques.</subfield>
   </datafield>
   <datafield ind2=" " ind1=" " tag="520">
      <subfield code="a">ABSTRACT: This article analyzes how the annotations of the classical authors about the origin of the kiss became, at the beginning of the Renaissance, a throwing weapon between humanists and courtiers, who opted for different hypotheses in this regard, motivated by their vital and literary interests, of ethical roots in the case of those cultivating humanistic studies, of a pro-feminist character when it came to phylographic treatises.</subfield>
   </datafield>
   <datafield ind1="8" ind2=" " tag="024">
      <subfield code="a">Blanco, Emilio. «Cortesanos contra humanistas : sobre el origen del beso». Bulletin Hispanique, vol. 123, n.º 1, junio de 2021, pp. 115-132, https://doi.org/10.4000/bulletinhispanique.12384.</subfield>
   </datafield>
   <datafield ind1="8" ind2=" " tag="024">
      <subfield code="a">979-10-300-0697-1</subfield>
   </datafield>
   <datafield ind1="8" ind2=" " tag="024">
      <subfield code="a">0007-4640</subfield>
   </datafield>
   <datafield ind1="8" ind2=" " tag="024">
      <subfield code="a">10.4000/bulletinhispanique.12384</subfield>
   </datafield>
   <datafield ind1="8" ind2=" " tag="024">
      <subfield code="a">https://hdl.handle.net/20.500.14352/125021</subfield>
   </datafield>
   <datafield ind1="8" ind2=" " tag="024">
      <subfield code="a">1775-3821</subfield>
   </datafield>
   <datafield ind1="8" ind2=" " tag="024">
      <subfield code="a">https://doi.org/10.4000/bulletinhispanique.12384</subfield>
   </datafield>
   <datafield ind1="8" ind2=" " tag="024">
      <subfield code="a">https://journals.openedition.org/bulletinhispanique/12384</subfield>
   </datafield>
   <datafield ind1="8" ind2=" " tag="024">
      <subfield code="a">https://journals.openedition.org/bulletinhispanique/</subfield>
   </datafield>
   <datafield ind1="8" ind2=" " tag="024">
      <subfield code="a">https://www.pub-editions.fr/fr/</subfield>
   </datafield>
   <datafield ind2="0" ind1="0" tag="245">
      <subfield code="a">Cortesanos contra humanistas : sobre el origen del beso</subfield>
   </datafield>
   <datafield ind2="0" ind1="0" tag="245">
      <subfield code="a">Courtisans contre humanistes : sur l’origine du baiser</subfield>
   </datafield>
   <datafield ind2="0" ind1="0" tag="245">
      <subfield code="a">Courtiers against Humanist : on the origins of the kiss</subfield>
   </datafield>
</record></metadata></record></GetRecord></OAI-PMH>